LEADER 01037nam a22002411i 4500 001 991002505109707536 005 20040331190627.0 008 040407s1968 gw |||||||||||||||||lat 035 $ab12932632-39ule_inst 035 $aARCHE-091224$9ExL 040 $aDip.to Scienze Storiche$bita$cA.t.i. Arché s.c.r.l. Pandora Sicilia s.r.l. 082 04$a475 100 1 $aApianus, Petrus$d<1495-1552>$0330003 245 10$aAbbreviationes vetustorom monumentorum in ordinem alphabeticum digestae :$bverzeichnis der im Mittelalter gebräuchlichen Abkürzungen 260 $aMünchen :$bVerlag Dokukumentation,$c1968 300 $a26 c. ;$c30 cm 650 4$aLingua latina$xGrammatica 907 $a.b12932632$b02-04-14$c16-04-04 912 $a991002505109707536 945 $aLE009 STOR.10-85$g1$i2009000155503$lle009$o-$pE0.00$q-$rl$s- $t0$u0$v0$w0$x0$y.i13507151$z16-04-04 996 $aAbbreviationes vetustorom monumentorum in ordinem alphabeticum digestae$9281690 997 $aUNISALENTO 998 $ale009$b16-04-04$cm$da $e-$flat$ggw $h0$i1 LEADER 01451nas 2200505-a 450 001 996221537403316 005 20230503213018.0 011 $a1549-6511 035 $a(CKB)954925490875 035 $a(CONSER)--2004235692 035 $a(OCoLC)54678528 035 $a(DE-599)ZDB2067803-4 035 $a(EXLCZ)99954925490875 100 $a20040311a19799999 s-- a 101 0 $aeng 135 $aurcnu|||||||| 181 $ctxt$2rdacontent 182 $cc$2rdamedia 183 $acr$2rdacarrier 200 10$aAmerican journal of education 210 $aChicago, Ill. $cUniversity of Chicago Press$d1979- 215 $a1 online resource 300 $aTitle from title screen (JSTOR website, viewed Mar. 11, 2004). 300 $aRefereed/Peer-reviewed 311 $a0195-6744 517 1 $aAJE 531 $aAM J EDUC 531 $aAM J EDUC (CHIC ILL) 531 $aAM. J. EDUC 531 0 $aAm. j. educ. 606 $aEducation$vPeriodicals 606 $aÉducation$vPériodiques 606 $aEducation$2fast$3(OCoLC)fst00902499 608 $aPeriodicals.$2fast 608 $aPeriodicals.$2lcgft 610 $aEducation - General 615 0$aEducation 615 6$aÉducation 615 7$aEducation. 676 $a370/.5 712 02$aUniversity of Chicago.$bDepartment of Education, 906 $aJOURNAL 912 $a996221537403316 996 $aAmerican journal of education$9976752 997 $aUNISA